|
|
|
|
| LEADER |
02180nam a2200565 a 4500 |
| 001 |
nkc20092007910 |
| 003 |
CZ PrNK |
| 005 |
20170303235013.0 |
| 007 |
ta |
| 008 |
091110s2009 xr ac e 000 0dcze |
| 015 |
|
|
|a cnb002007910
|
| 020 |
|
|
|a 978-80-86937-37-3
|q (Knihovna Jana Drdy ;
|q váz.)
|
| 035 |
|
|
|a (OCoLC)481082167
|
| 040 |
|
|
|a ABA001
|b cze
|d BOA001
|
| 043 |
|
|
|a e-xr---
|b e-xr-st
|2 czenas
|
| 045 |
|
|
|a x5y0
|
| 072 |
|
7 |
|a 792
|x Divadlo. Divadelní představení
|2 Konspekt
|9 3
|
| 080 |
|
|
|a 792.05
|2 MRF
|
| 080 |
|
|
|a 792.2/.8
|2 MRF
|
| 080 |
|
|
|a 792.07
|2 MRF
|
| 080 |
|
|
|a (437.312)
|2 MRF
|
| 080 |
|
|
|a (082.2)
|2 MRF
|
| 100 |
1 |
|
|a Trantina, Václav,
|d 1974-
|7 xx0000552
|4 aut
|
| 245 |
1 |
0 |
|a 50 let příbramského divadla /
|c Václav Trantina
|
| 246 |
3 |
|
|a Padesát let příbramského divadla
|
| 250 |
|
|
|a 1. vyd.
|
| 260 |
|
|
|a Příbram :
|b Město Příbram,
|c 2009
|
| 300 |
|
|
|a 143 s. :
|b il., portréty ;
|c 22 x 30 cm
|
| 504 |
|
|
|a Obsahuje bibliografii
|
| 550 |
|
|
|a Vydavatel: Knihovna Jana Drdy
|
| 610 |
2 |
7 |
|a Divadlo Příbram (1993-2006)
|7 kn20010709258
|2 czenas
|
| 648 |
|
4 |
|a 1959-2009
|
| 648 |
|
7 |
|a 20.-21. století
|7 ch462155
|2 czenas
|
| 650 |
0 |
7 |
|a divadla
|7 ph119512
|z Česko
|y 20.-21. století
|2 czenas
|
| 650 |
0 |
7 |
|a divadelní inscenace
|7 ph114330
|z Česko
|y 1951-2010
|2 czenas
|
| 650 |
0 |
7 |
|a divadelní umělci
|7 ph119509
|z Česko
|y 20.-21. století
|2 czenas
|
| 650 |
0 |
9 |
|a theaters
|z Czechia
|y 20th-21st centuries
|2 eczenas
|
| 650 |
0 |
9 |
|a theatrical productions
|z Czechia
|y 1951-2010
|2 eczenas
|
| 650 |
0 |
9 |
|a theater artists
|z Czechia
|y 20th-21st centuries
|2 eczenas
|
| 651 |
|
7 |
|a Příbram (Česko)
|7 ge130586
|2 czenas
|
| 651 |
|
9 |
|a Příbram (Czechia)
|2 eczenas
|
| 655 |
|
7 |
|a jubilejní publikace
|7 fd131839
|2 czenas
|
| 655 |
|
9 |
|a jubilee books
|2 eczenas
|
| 710 |
2 |
|
|a Knihovna Jana Drdy (Příbram, Česko)
|7 kn20010709272
|
| 856 |
4 |
1 |
|u http://www.digitalniknihovna.cz/mzk/uuid/uuid:f386ce60-e6eb-11e6-8010-005056827e51
|y Digitalizovaný dokument
|x NDK
|
| 910 |
2 |
|
|a BOA001
|b 4-1232.131
|
| 990 |
|
|
|a BK
|
| 995 |
|
|
|a 01
|
| 991 |
|
|
|b 200911
|c NOV
|
| 996 |
6 |
|
|b 2610395461
|c 4-1232.131
|l MZK
|r Sklad / do 1 hodiny
|n 1
|p p.v.
|w 000973027
|u 000010
|a 1
|e BOA001
|j MZK50
|s P
|